000 00456nam a2200181Ia 4500
001 25354
005 20260414151144.0
008 260414t2008||||xx |||||||||||||| ||spa||
041 _aESP
082 _a346.5
_bD59 V. 4
100 _aMartínez de Aguirre Aldaz, Carlos (coord.)
_eAUT
245 0 _aCurso de derecho civil :
_bDerecho de familia
260 _c2008
300 _a
_c24 cm.
650 _aDER
654 _aCDE
942 _cLIB
_dJUS
_fJUS
_2ddc
_n
999 _c25354
_d25354